| 000 | 00467nam a2200157Ia 4500 | ||
|---|---|---|---|
| 008 | 240729s9999 xx 000 0 und d | ||
| 022 | _a1552-5783 | ||
| 245 | 0 | _aInvestigative Ophthalmology & Visual Science | |
| 260 | _aUnited States | ||
| 260 | _bThe Association for Research in Vision and Ophthalmology | ||
| 650 | _a Ophthalmology | ||
| 650 | _aMedicine | ||
| 856 | _uhttps://doaj.org/toc/c8a7656d404e48ebb21bf0f9546f308d | ||
| 942 | _2ddc | ||
| 942 | _cDOAJEJ | ||
| 999 |
_c68616 _d68616 |
||
| 945 |
_a1 _bMadushi Gamage _c1 _dMadushi Gamage |
||